000 00397nam a2200181Ia 4500
001 431
005 20260306140517.0
008 260306t1997||||xx |||||||||||||| ||spa||
041 _aESP
082 _a113
_bC31
100 _aCarreira, Manuel P.
_eAUT
245 0 _aOrigen y futuro del universo
260 _c1997
300 _a
_c
650 _aGEN
654 _aCHU
942 _cLIB
_dJUS
_fJUS
_2ddc
_n
999 _c431
_d431